MARC

LEADER 00000nam0a2200000 4500
001 675234
005 20241008085252.0
090 |a 675234 
100 |a 20241008d1978 k||y0rusy50 ca 
101 0 |a rus 
102 |a RU 
105 |a a z 001yy 
181 0 |a i   |b  e  
182 0 |a n 
183 0 |a nc  |2 RDAcarrier 
200 1 |a Полупроводниковая техника в устройствах электрических железных дорог  |e Межвузовский сборник трудов  |f Ленинградский институт инженеров железнодорожного транспорта; под ред. А. Т. Буркова 
203 |a Текст  |b визуальный  |c непосредственный 
210 |a Ленинград  |c [Б. и.]  |d 1978 
215 |a 160 с.  |c ил. 
283 |a volume  |2 RDAcarrier 
320 |a Литература в конце статей 
606 1 |a Электрические железные дороги  |x Электропитание  |9 50761 
610 1 |a полупроводниковая техника 
610 1 |a освоение 
610 1 |a силовые полупроводниковые приборы 
610 1 |a испытание 
610 1 |a моделирование 
610 1 |a преобразователи 
610 1 |a схемы 
610 1 |a тиристоры 
610 1 |a режимы работы 
610 1 |a электроподвижный состав 
610 1 |a тяговые полупроводниковые преобразователи 
610 1 |a создание 
675 |a 621.331  |v 4 
702 1 |4 340  |a Бурков  |b А. Т. 
712 0 2 |a Ленинградский институт инженеров железнодорожного транспорта  |4 570  |9 24538 
801 0 |a RU  |b 63413507  |c 20241008 
830 |a Ретро2024Каталогизация Шило 
850 |a 63413507 
942 |c BK